000 00826cam a22002653a 4500
001 26321
003 PGUSA
005 20140828083552.0
008 080815s2008||||xxu|||||s|||||000 | eng d
040 _aPGUSA
_beng
042 _adc
050 4 _aBD
100 1 _aLodge, Oliver,
_cSir,
_d1851-1940
245 1 0 _aLife and Matter :
_bA Criticism of Professor Haeckel's 'Riddle of the Universe'
_h[electronic resource] /
_cOliver, Lodge
260 _bProject Gutenberg,
_c2008
506 _aPublic domain in the USA.
516 _aElectronic text
653 _aHaeckel, Ernst Heinrich Philipp August, 1834-1919. Welträthsel
653 _aPhilosophy and religion
653 _aLife -- Origin
653 _aMonism
830 0 _aProject Gutenberg
_v26321
856 4 0 _uhttp://www.gutenberg.org/ebooks/26321
942 _cEB
999 _c255576
_d255576